| 000 | 00895nam a22002657a 4500 | ||
|---|---|---|---|
| 005 | 20161026104447.0 | ||
| 010 | _aENG-116305-307 | ||
| 020 |
_a9788180903229 (vol-I) _c295.00 |
||
| 020 |
_a9788180903243(vol-2) _c395.00 |
||
| 020 |
_a9788180903267(vol-3) _c350.00 |
||
| 020 |
_a9788180903205 _c1040.00(set of vol) |
||
| 035 | _aEN-99837-839 | ||
| 037 | _bDBAD/PUB | ||
| 082 | _a954 | ||
| 245 |
_aHistory of India / _cedited by R.C. Jain [and] R.S. Raman |
||
| 260 |
_aDelhi _bBhartiya Kala Prakashan _c2013 |
||
| 270 |
_a3421-A,IInd Floor Narang Colony,Tri Nagar _bDelhi _e110035 |
||
| 300 |
_aVol-3(xi,330p.,X,547p.ix,363p.) _c21cm(Hb) _bill (maps) |
||
| 490 | _aVol-I | ||
| 500 | _aIncludes index | ||
| 505 | _aVol-,Ancient History,Vol-II Medieval History,Vol-III- Modern History | ||
| 700 | _aJain,R.C. | ||
| 700 | _a Raman,R.S. | ||
| 942 |
_2ddc _cEN _h954 _mHIS |
||
| 999 |
_c104260 _d104260 |
||